| 000 | 00412nam a22001577a 4500 | ||
|---|---|---|---|
| 003 | OSt | ||
| 005 | 20260430173526.0 | ||
| 008 | 260430b |||||||| |||| 00| 0 eng d | ||
| 020 | _a1526751534 | ||
| 040 | _cIRDP | ||
| 082 | _a305.409 41 VAU | ||
| 100 | _aVAUGHAN, D.J. | ||
| 245 | _aTHE SUFFERING OF WOMEN WHO DIDN'T FIT MADNESS IN BRITAIN 1450-1950 | ||
| 260 |
_aUSA; _bPEN & SWORD, _c2018. |
||
| 942 |
_2ddc _cBOOKS |
||
| 999 |
_c9481 _d9481 |
||